| 000 | 00684nam a2200181Ia 4500 | ||
|---|---|---|---|
| 008 | 090630s9999 xx 000 0 und d | ||
| 082 | _b20883 | ||
| 100 | _aपाटील अश्विनी. | ||
| 245 |
_aचेटकिणीने केली जादू. _cपाटील अश्विनी. |
||
| 260 |
_bमानस - पुणे. _c1983 |
||
| 300 | _a102 | ||
| 600 | _aपाटील अश्विनी. | ||
| 630 | _aचेटकिणीने केली जादू. | ||
| 655 | _aबालवाङमय. | ||
| 700 | _aपाटील अश्विनी. | ||
| 730 | _aचेटकिणीने केली जादू. | ||
| 942 | _cBOOK | ||
| 999 |
_c272739 _d272739 |
||